Loading...
History - World History | 4 | 2 | 2 | 0 | 70 | 48 | 67.83 | 1 | 6 |
History - European History | 2 | 4 | 1 | 0 | 65 | 47 | 69.50 | 3 | 5 |
Beliefs | 1 | 4 | 0 | 1 | 55 | 73 | 102.80 | 1 | 4 |
History - American History | 2 | 2 | 0 | 1 | 50 | 30 | 75.75 | 1 | 3 |
Social Science | 0 | 5 | 1 | 2 | 45 | 80 | 98.60 | 1 | 3 |
History - Other History | 3 | 0 | 0 | 0 | 45 | 66 | 68.00 | 1 | 3 |
Science - Chemistry | 1 | 3 | 0 | 3 | 45 | 61 | 108.25 | 1 | 3 |
Science - Physics | 2 | 0 | 0 | 0 | 30 | 57 | 59.50 | 1 | 2 |
Geography | 1 | 1 | 0 | 0 | 25 | 70 | 74.50 | 0 | 2 |
Current Events | 0 | 2 | 0 | 1 | 20 | 88 | 104.00 | 0 | 1 |
Science - Biology | 0 | 1 | 0 | 0 | 10 | 120 | 120.00 | 0 | 1 |
Visual Arts | 0 | 1 | 1 | 0 | 5 | 83 | 83.00 | 0 | 1 |
History - Ancient History | 0 | 1 | 2 | 0 | 0 | 106 | 106.00 | 0 | 0 |
Science - Other Science | 0 | 1 | 3 | 1 | -5 | 124 | 124.00 | 0 | 1 |